| 000 | 00637nam a2200241Ia 4500 | ||
|---|---|---|---|
| 003 | OSt | ||
| 005 | 20250704092556.0 | ||
| 008 | 210210b1974 xxu||||| |||| 00| 0 eng d | ||
| 040 | _cAL | ||
| 041 | _aeng | ||
| 082 | _a530 WEIE | ||
| 100 |
_aWeidner Richard T _949851 |
||
| 245 | _aElementary classical physics Vol 1 | ||
| 250 | _a2 | ||
| 260 |
_aBoston _bAllyn & Bacon _c1974 |
||
| 300 | _axii,449,16 | ||
| 440 | _vVol 1 | ||
| 650 |
_aClassical physics mechanics mechanical waves kinetic theory thermodynamics _949852 |
||
| 690 |
_aPhysics _949853 |
||
| 700 |
_aSells, Robert L _9217151 |
||
| 906 | _a035108 | ||
| 942 |
_2ddc _cBK |
||
| 999 |
_c86099 _d86099 |
||